000 00650nam a2200133Ia 4500
008 200915s9999 xx 000 0 und d
020 _a978-971-014-582-9
100 _aVillacorte, Analiza A.
245 _cAnaliza A. Villacorte, Estrella F. Fajardo, Crisanta T. De Leon, Issachar A. Dela Cerna, Susana Galvez, Benedicta R. Buenaventura, Elenita P. Galvez, Marilyn J. Reyes.--
_aIntsructional material in purposive communication :
_benglish in multimodal context /
260 _aBulacan :
_bSt. Andew Publishing House
_c2018
300 _axxiii , 355 pages :
_billustrations ;
_c25 cm.
650 _aCommunication and culture.
650 _aCommunication.
999 _c364242
_d364242